000 00452nam a22001577a 4500
005 20251108165844.0
008 250721s9999 xx 000 0 ara d
082 1 4 _aط/637.1/حلي
245 1 0 _aالحليب /
264 1 _aدمشق :
_bدار المؤيد،
_c[19-].
300 _a40ص
490 0 _aالموسوعه العربيه المبسطه للمعارف و العلوم؛1
650 1 7 _aالحليب
942 _2ddc
_cBK
999 _c33075
_d33075